01187naa#a2200169#i#4500001002300000005001700023011001400040100004100054102000700095200019400102210016900296215001000465608004500475675045500520700002800975856001401003RU\INFRA-M\bibl\10894420260629045337.1##a2500-3313##a20251230b2025####ek#y0rusy0150####ca##aRU1#aФункциональные возможности смазочной системы двигателей автотранспортных средствeЖурнальная статья1#aМоскваcОбщество с ограниченной ответственностью «Научно-издательский центр ИНФРА-М»d2025##a3 с.##aЖурнальная статья2local##aИнженерное дело. Техника в целом. 62aОбщее машиностроение. Ядерная техника. Электротехника. Технология машиностроения в целом. 621aДетали машин. Механизмы. Передачи (механические). Подъемнотранспортное оборудование. Крепежные средства. Смазка. 621.8#1aКоролевgА. Е.4#azh-szf.ru